¿Estos países limitan entre sí? - Estadísticas

Estadísticas generales
  • Esta prueba ha sido intentada 12.004 veces
  • La puntuación promedio es 13 de 16
Estadísticas de respuestas
Pregunta Respuesta % Correcto
México y los Estados Unidos
100%
Noruega y Polonia No
94%
Rusia y China
92%
China y Corea del Sur No
91%
Egipto y Kenia No
89%
Brasil y Venezuela
89%
Oman y Yemen
88%
Francia e Italia
86%
Haiti y la República Dominicana
86%
Sudáfrica y la República del Congo No
84%
Grecia y Albania
79%
Indonesia y Papua Nueva Guinea
77%
Panama y Guatemala No
75%
Estonia y Lituania No
73%
Vietnam y Malasia No
70%
Bangladés y Pakistán No
70%
No se encontraron pruebas coincidentes
Distribución de puntuación
Porcentaje de gente con cada puntuación
Porcentaje por número respondido
Historial de tus puntuaciones
No has intentado esta prueba.